000 00733cab a2200253 4500
001 ABS47053
008 090401t1992 xxu||||| |||| 00| 0 eng d
035 _a(Sirsi) u60609
041 _aeng
100 _aRoberts, J.
245 _aRepublic and Northern Ireland
260 _c1992
350 _a0
490 _aEstates Times
_v(1158) 11 September 1992, 21-24(4)
520 _aReports on the level of activity in the office and retail markets across the Irish Sea.
650 _aESTATES TIMES SURVEY
650 _aNORTHERN IRELAND
650 _aOFFICES
650 _aREPUBLIC OF IRELAND
650 _aRETAIL
690 _aPROPERTY-COMMERCIAL PROPERTY-COMMERCIAL PROPERTY MARKET
942 _n0
948 _c04/03/1997
999 _c37419
_d37419